000 00496nam a2200181Ia 4500
008 090123s9999 xx 000 0 und d
082 _b2130
100 _aगोखले अरविंद
245 _aशकुन्त
250 _a1
260 _bकुलकर्णी अ.अ.
300 _a168
600 _aगोखले अरविंद
630 _aशकुन्त
700 _aगोखले अरविंद
730 _aशकुन्त
942 _cBOOK
999 _c40214
_d40214